000
00272nam a2200085Ia 4500
008
220120s9999||||xx |||||||||||||| ||und||
100
_a
Pradeep, Sunil, Ashwin and Thimmaiah
_9
12470
245
0
_a
Spy robot using zigbee
260
_a
Coorg Institute of Technology
_b
Ponnampet
_c
2013
999
_c
138057
_d
138057